| 000 | 00438nam a2200121Ia 4500 | ||
|---|---|---|---|
| 008 | 220512s9999 xx 000 0 eng d | ||
| 100 | _aGoyal, Ahima | ||
| 245 | 0 |
_aStability andpolicy rules in emerging markets / _cGoyal, Ahima and others |
|
| 260 |
_aMumbai : _bIndira Gandhi Insitute of development Research, _cJan-12 |
||
| 500 | _aIndira Gandhi Insitute of development Research-working paper-2012-004 | ||
| 546 | _aEnglish | ||
| 942 | _cPR | ||
| 999 |
_c36696 _d36696 |
||